Out of the ordinary (Record no. 84777)

MARC details
000 -LEADER
fixed length control field 00894cab a22002415a 4500
001 - CONTROL NUMBER
control field L159022
008 - FIXED-LENGTH DATA ELEMENTS--GENERAL INFORMATION
fixed length control field 150113e2015 xxk 000 0 eng d
035 ## - SYSTEM CONTROL NUMBER
System control number (Sirsi) u159022
041 0# - LANGUAGE CODE
Language code of text/sound track or separate title eng
100 1# - MAIN ENTRY--PERSONAL NAME
Personal name Humphreys, Emma
245 00 - TITLE STATEMENT
Title Out of the ordinary
Medium [electronic resource]
260 ## - PUBLICATION, DISTRIBUTION, ETC.
Date of publication, distribution, etc. 2015
490 ## - SERIES STATEMENT
Series statement RICS Building Surveying Journal
Volume/sequential designation December 2015 - January 2016, 10-11 (2)
520 ## - SUMMARY, ETC.
Summary, etc. Provides an overview of recent dilapidations rulings.
650 24 - SUBJECT ADDED ENTRY--TOPICAL TERM
Topical term or geographic name entry element The Creative Foundation v Dreamland Leisure
650 24 - SUBJECT ADDED ENTRY--TOPICAL TERM
Topical term or geographic name entry element CONSORTIUM COMMERCIAL DEVELOPMENTS LTD V ABB LTD
650 24 - SUBJECT ADDED ENTRY--TOPICAL TERM
Topical term or geographic name entry element ELITESTONE LTD V MORRIS
650 24 - SUBJECT ADDED ENTRY--TOPICAL TERM
Topical term or geographic name entry element SPIELPLATZ V PEARSON
651 #4 - SUBJECT ADDED ENTRY--GEOGRAPHIC NAME
Geographic name United Kingdom
Chronological subdivision
690 ## - LOCAL SUBJECT ADDED ENTRY--TOPICAL TERM (OCLC, RLIN)
Topical term or geographic name as entry element Dilapidations
9 (RLIN) 6235
856 40 - ELECTRONIC LOCATION AND ACCESS
Uniform Resource Identifier <a href="https://www.rics.org/Global/Building_Surveying_Journal_December_2015_January_2016.pdf">https://www.rics.org/Global/Building_Surveying_Journal_December_2015_January_2016.pdf</a>
Public note View the article free of charge at www.rics.org...
942 ## - ADDED ENTRY ELEMENTS (KOHA)
Suppress in OPAC 0
Holdings
Withdrawn status Lost status Source of classification or shelving scheme Damaged status Not for loan Home library Current library Shelving location Date acquired Total Checkouts Full call number Barcode Date last seen Copy number Price effective from Koha item type
    Dewey Decimal Classification     Virtual Virtual Journal article 09/12/2015   L159022 159022-2001 06/08/2019 1 06/08/2019 Journal article